Т. 13; Собрание сочинений

Bibliografski detalji
Parent link:Собрание сочинений: В 13 т. : [Пер. с англ.]/ Дж. Лондон; сост. и общ. ред. Г. П. Злобин ; С. Иванько ; худож. П. Пинкисевич. Т. 13.— , 1976-
Jezik:ruski
Izdano: 1976
Teme:
Format: Knjiga
KOHA link:https://koha.lib.tpu.ru/cgi-bin/koha/opac-detail.pl?biblionumber=152595

MARC

LEADER 00000nam2a2200000 4500
001 152595
005 20231101221630.0
035 |a (RuTPU)RU\TPU\book\165451 
035 |a RU\TPU\book\165449 
090 |a 152595 
100 |a 20090203d1976 m y0rusy5003 ca 
101 1 |a rus  |c eng 
102 |a RU 
105 |a y z 001ay 
200 0 |a Т. 13 
210 |d 1976 
215 |d 22 см  |e (ил.)  |a 464 с. 
320 |a Алфавитный указатель произведений, включенных в 1-13 тома собрания сочинений: с. 456-462 
461 1 |0 (RuTPU)RU\TPU\book\165229  |t Собрание сочинений  |o В 13 т. : [Пер. с англ.]  |f Дж. Лондон  |g сост. и общ. ред. Г. П. Злобин ; С. Иванько ; худож. П. Пинкисевич  |v Т. 13  |d 1976-  |s Библиотека зарубежной классики 
606 1 |a Американская литература (англо-язычная литература)  |2 stltpush  |3 (RuTPU)RU\TPU\subj\28887  |9 52349 
610 1 |a рассказы 
610 1 |a романы 
675 |a 82  |z rus  |v 3 
801 0 |a RU  |b RuMRKP  |c 19950413  |g psbo 
801 1 |a RU  |b 63413507  |c 20090130  |g PSBO 
801 2 |a RU  |b 63413507  |c 20090203  |g PSBO 
942 |c BK